01773nam a22002417a 4500999001700000005001700017008004100034020002000075041000800095080001800103100003100121245015700152264003900309300002000348653034900368653002900717942002500746952015200771952015200923952015201075952015201227952015201379 c63287d6328720250724113024.0250724s2010 en ||||| |||| 00| 0 eng d a9781849051262 X aeng a616.896 Bo-69 aBo Hejlskov Elvén925685 aNo fighting, no biting, no screaming :bhow to make behaving positively possible for people with autism and other developmental /cHejlskov Elvén, Bo aLondon :bJessica Kingsley,c2010. a240 p.:b23 cm. aFighting, biting, screaming and other behaviours that challenge are often triggered by unsuitable surroundings or unrealistic demands. In this fresh and enlightening approach, Bo Hejlskov ElvTn shows how identifying and examining these problem. areas can dramatically improve behaviour in people with autism and other developmental disabilities aმედიცინა 2udccᲬᲘᲒᲜᲘ 00102udc406616896_BO69709103752aCPLbCPLcGENd2025-07-24g90.00o616.896 Bo-69p72174r2025-07-24t72174w2025-07-24yᲬᲘᲒᲜᲘz90.00 00102udc406616896_BO69709103753aCPLbCPLcGENd2025-07-24g90.00o616.896 Bo-69p72175r2025-07-24t72175w2025-07-24yᲬᲘᲒᲜᲘz90.00 00102udc406616896_BO69709103754aCPLbCPLcGENd2025-07-24g90.00o616.896 Bo-69p72176r2025-07-24t72176w2025-07-24yᲬᲘᲒᲜᲘz90.00 00102udc406616896_BO69709103755aCPLbCPLcGENd2025-07-24g90.00o616.896 Bo-69p72177r2025-07-24t72177w2025-07-24yᲬᲘᲒᲜᲘz90.00 00102udc406616896_BO69709103756aCPLbCPLcGENd2025-07-24g90.00o616.896 Bo-69p72178r2025-07-24t72178w2025-07-24yᲬᲘᲒᲜᲘz90.00